| 000 | 00644nam a2200229 a 4500 | ||
|---|---|---|---|
| 005 | 20241115063734.0 | ||
| 008 | 080423s1987 mx r 000 0 spa d | ||
| 020 | _a9688341126 | ||
| 035 | _aUPN01000155597 | ||
| 040 |
_aUPN _bspa _cUPN |
||
| 049 | _aCG | ||
| 050 | 4 |
_aBD165 _bB4.2 |
|
| 100 | 1 |
_aBeuchot, Mauricio, _d1950- _947344 |
|
| 245 | 1 | 0 |
_aConocimiento, causalidad y metafísica / _cMauricio Beuchot. |
| 260 |
_aXalapa : _bUniversidad Veracruzana, _c1987. |
||
| 300 | _a187 p. | ||
| 650 | 4 |
_aTeoría del conocimiento _91707 |
|
| 650 | 2 |
_aCausalidad _96519 |
|
| 650 | 4 |
_aMetafísica _916172 |
|
| 905 | _aLibro | ||
| 942 |
_2lcc _cLIBRO |
||
| 999 |
_c127712 _d127712 |
||